Fictional Islands - Statistics

General Stats
  • This quiz has been taken 22 times
  • The average score is 7 of 15
Answer Stats
Island Media Type Origin % Correct
Azkaban Book / Film Harry Potter
95%
Neverland Book / Film Peter Pan
95%
Skull Island Film King Kong
81%
Lilliput Book / Film Gulliver's Travels
76%
Amity Island Book / Film Jaws
57%
The Island TV Lost
48%
Isla Nublar Book / Film Jurassic Park
43%
Tracy Island TV Thunderbirds
43%
Craggy Island TV Father Ted
38%
Sodor Books / TV Thomas the Tank Engine
33%
Bali Ha'i Film South Pacific
29%
Crab Key Film Dr. No
19%
Summerisle Film The Wicker Man
19%
Saint Marie TV Death In Paradise
14%
Todday Island Book / Film Whisky Galore
5%
No matching quizzes found
Score Distribution
Percent of People with Each Score
Percentile by Number Answered
Your Score History
You have not taken this quiz